| 000 | 00493nam a2200169 i 4500 | ||
|---|---|---|---|
| 001 | 57441 | ||
| 003 | ES-MaACL | ||
| 005 | 20230906163558.0 | ||
| 007 | t| | ||
| 008 | 031016s1964 sp ||||1| spa d | ||
| 100 | 1 |
_aDrogat, Noël. _945653 |
|
| 245 | 1 | 3 |
_aLa lucha contra el hambre / _cNoël Drogat ; [versión española por Alejandro Ros]. |
| 260 |
_aBarcelona : _bHerder, _c1964. |
||
| 300 |
_a252 p. ; _c20 cm. |
||
| 700 | 1 |
_aRos, Alejandro. _999564 |
|
| 852 |
_aES-MaACL _jC-26035 _bR.54957 |
||
| 999 |
_c57441 _d57441 |
||